Horn and wing allometry and male dimorphism in giant rhinoceros beetles (Coleoptera: Scarabaeidae) of tropical Asia and America (Registro nro. 13350)

Detalles MARC
000 -CABECERA
Campo de control 004310000a22001210004500
090 ## - CLASIFICACIÓN LOCAL
Colección AR
Consecutivo 04253
041 0# - IDIOMA
Código de idioma para texto/pista de sonido o título separado
100 1# - ASIENTO PRINCIPAL--NOMBRE PERSONAL
Nombre personal Kawano, Kazuo
245 10 - MENCION DE TITULO
Título Horn and wing allometry and male dimorphism in giant rhinoceros beetles (Coleoptera: Scarabaeidae) of tropical Asia and America
500 ## - NOTA GENERAL
Nota general <Literatura de escarabajos coprófagos>
773 1# - Item fuente:
Título Annals of the Entomological
Descripción física 1
Paginas del Articulo 92-99
Lugar, editorial y fecha de publicación 1995
Información sobre la relación 88
942 ## - ELEMENTOS ADICIONALES (KOHA)
Tipo de ítem Artículo
Existencias
Withdrawn status Lost status Damaged status No para préstamo Colección Ubicación Permanente Ubicación actual Fecha de adquisición Fuente de Valor Datos de publicación Seriada Total Checkouts Número topográfico Inventario / Código de Barras Date last seen Ejemplar Price effective from Forma de adquisición Tipo de material
      No para Préstamo Hemeroteca Bogotá Bogotá 16/11/2006 Trujillo, Diego Fuera de circulación   AR 04253 023696 25/03/2015 1 25/03/2015   Artículo